| 000 | 00884nam a2200229Ia 4500 | ||
|---|---|---|---|
| 005 | 20250108125027.0 | ||
| 008 | 008 250107s9999 xx 000 0 hin d | ||
| 020 | _a978-1-63640-684-0 | ||
| 037 | _aTB | ||
| 040 |
_aCRL _bhin _cCRL |
||
| 041 |
_ahin _2hin |
||
| 084 | _aG R0 | ||
| 084 | _qCRL | ||
| 100 | _aदेव, उषा, संपा. | ||
| 245 | 0 |
_aनीर - क्षीर - विवेकी जन की लेखनी से निःसृत: समीक्षाए एवं स्व - रचनाए _cदेव, उषा, संपा. |
|
| 260 |
_aदिल्ली, भारत _bहेमाद्रि प्रकाशन _c3069 |
||
| 300 | _a278पृ0 | ||
| 365 |
_aINR _b480 |
||
| 650 |
_aहिन्दी कहानीहिन्दी साहित्य _9729733 |
||
| 942 |
_cTB _hG R0 |
||
| 999 |
_c1235457 _d1235457 |
||